V ústrety Medzinárodnému roku starších

Bibliographic Details
Main Author: Tkáč, Vojtech, 1949- (Author)
Format: Article
Language:Slovak
PhysicalDescription:Fotogr.
Subjects:

MARC

LEADER 00000nab a2200000 a 4500
001 vtls000669932
003 SK-MaSNL
005 20260426091024.0
008 180207c1998 xo 0 slo
015 |a SNBRB1998/08-23071 
035 |a CLN000022110 
040 |a SNKBUCL  |b slo  |c SNKBUCL  |e AACR2 
041 0 |a slo 
044 |a xo  |c SK 
080 |a 362.6(437.6)  |2 UDC-MRF-SK2 
080 |a 394.268-053.88/.9  |2 UDC-MRF-SK2 
080 |a 301.185.3-053.88/.9  |2 UDC-MRF-SK2 
100 1 |a Tkáč, Vojtech,  |d 1949-  |4 aut  |9 201800 
245 1 0 |a V ústrety Medzinárodnému roku starších  |c Vojtech Tkáč 
300 |b Fotogr. 
611 1 7 |a Medzinárodný rok starších ľudí  |2 SNK  |9 885746 
648 7 |a 1999  |2 snkbucl  |9 266597 
650 0 7 |a seniori  |2 SNKPH  |9 117453 
650 0 7 |a sociálna starostlivosť  |2 SNKPH  |9 3737 
651 7 |a Slovensko  |2 SNKPHgeo  |9 14231 
655 7 |a články z novín a časopisov  |2 SNK  |9 267496 
773 0 |t Verejná správa  |g Č. 19 (1998), s. 1 a 3 
850 |a Slovenská národná knižnica v Martine 
852 |a SNK  |b KIS3GCP 
958 |a RBX 
999 |c 3011821  |d 3013751